Ulice, na których znajdują się przystanki mpk radom - Statystyki

Ogólne statystyki
  • Ten quiz został rozwiązany 36 razy
    24 od ostatniego zresetowania
  • Średni wynik to 37 z 119
Statystyki odpowiedzi
Ulica % Poprawnych
1905 Roku
94%
Słowackiego
89%
25 Czerwca
83%
Struga
83%
Żeromskiego
83%
Kielecka
78%
Traugutta
78%
Warszawska
78%
Grzecznarowskiego
72%
Mieszka I
72%
Wernera
72%
Chrobrego
67%
Limanowskiego
67%
Okulickiego
61%
Zbrowskiego
61%
11 Listopada
56%
Lubelska
56%
Malczewskiego
56%
Maratońska
56%
Wierzbicka
56%
Żółkiewskiego
56%
Kozienicka
50%
Mickiewicza
50%
Reja
50%
Wojska Polskiego
50%
Lekarska
44%
Rapackiego
44%
Wyścigowa
44%
Fołtyn
39%
Główna
39%
Idalińska
39%
Kusocińskiego
39%
Mireckiego
39%
Przytycka
39%
Sempołowskiej
39%
Sienkiewicza
39%
Wolanowska
39%
Beliny-Prażmowskiego
33%
Godowska
33%
Kelles-Krauza
33%
Nowa Wola Gołębiowska
33%
Ofiar Firleja
33%
Paderewskiego
33%
PCK
33%
Poniatowskiego
33%
Stara Wola Gołębiowska
33%
Starokrakowska
33%
Szarych Szeregów
33%
Szklana
33%
Aleksandrowicza
28%
Czarnieckiego
28%
Czarnoleska
28%
Energetyków
28%
Jana Pawła II
28%
Kościuszki
28%
Malczewskiej
28%
Rodziny Winczewskich
28%
Wiertnicza
28%
Witkacego
28%
Brata Alberta
22%
Cymerysa-Kwiatkowskiego
22%
Długojowska
22%
Langiewicza
22%
Malenicka
22%
Mariacka
22%
Michalczewskiego
22%
Mokra
22%
Narutowicza
22%
Osiowa
22%
Potkanowska
22%
Skaryszewska
22%
Stalowa
22%
Sycyńska
22%
Toruńska
22%
Warsztatowa
22%
Wiejska
22%
Witosa
22%
Wośnicka
22%
Zielona
22%
Bulwarowa
17%
Chorzowska
17%
Gajl
17%
Gajowa
17%
Kilińskiego
17%
Kochanowskiego
17%
Młodzianowska
17%
Pileckiego
17%
Polna
17%
Południowa
17%
Potkańskiego
17%
Średnia
17%
Sucha
17%
Szydłowiecka
17%
Wjazdowa
17%
Żwirki i Wigury
17%
Chłodna
11%
Folwarczna
11%
Holszańskiej
11%
Kasztelańska
11%
Kaszubska
11%
Klwatecka
11%
Listopadowa
11%
Łukasika
11%
Mazowiecka
11%
Pomorska
11%
Przejazd
11%
Rzeszowska
11%
Uniwersytecka
11%
Dębowa
6%
Grzebieniowa
6%
Kosowska
6%
Miedziana
6%
Puławska
6%
Stańczyka
6%
Topiel
6%
Wrocławska
6%
Żelazna
6%
Górna
0%
Małęczyńska
0%
Nie znaleziono quizów pasujących do podanych kryteriów
Rozkład punktacji
Procent ludzi z każdym wynikiem
Percentyl według liczby udzielonych odpowiedzi
Twoja historia wyników
Nie rozwiązałeś tego quizu od ostatniego zresetowania